Statistiques concernant Histoire commençant par la lettre J

Cliquez ici pour prendre le quiz!

Statistiques générales

  • Ce quiz a été pris 33 772 fois
    (33 072 depuis la dernière actualisation)
  • Le résultat moyen est 11 sur 20

Statistiques - réponses

IndiceRéponse% Correct
Fondateur du christianismeJesus de Nazareth
99%
Pays ayant lancé l'attaque contre Pearl HarborJapon
98%
Décédée en 1431 sur un bûcher à RouenJeanne d'Arc
95%
Tueur en série londonien du XIXème siècle dont l'identité est toujours inconnueJack l'Éventreur
91%
Événements sportifs existants depuis le VIIIème siècle av. réponse n°1,
ils tirent leur nom de la plus haute montagne de Grèce
Jeux olympiques
85%
Nom romain du dieu ZeusJupiter
82%
Les empereurs chinois étaient recouverts d'ornements et pièces de cette pierre
précieuse pour leur rite funéraire
Jade
69%
Période géologique suivant le TriasJurassique
69%
Tire son nom de l'anglais, personnage du Moyen-Âge équivalent au bouffon du roiJoker
68%
Première épouse de Napoléon IerJoséphine de Beauharnais
63%
Élu en 1978, son pontificat aura duré plus de 26 ansJean Paul II
59%
Cette ville de l'île de Java s'est appelé Batavia pendant plus de 300 ansJakarta
49%
Premier auteur de la déclaration d'indépendance des États-UnisThomas Jefferson
44%
Calendrier utilisé en Europe pendant les seize premiers siècles de notre èreJulien
40%
Région du sud de l'Israël actuelle, dirigée par Hérode Ier sous la domination romaineJudée
37%
36ème président des États-Unis qui voulait une "Great Society"Lyndon B. Johnson
33%
Empereur byzantin du VIème siècle dont les conquètes s'étendirent jusqu'à l'ItalieJustinien Ier
28%
Successeur d'Elisabeth Ière au trône d'Angleterre et d'Irlande, il est à l'origine
d'une traduction de la bible en anglais
Jacques Ier
17%
Première dynastie de l'Empire romainJulio-Claudiens
11%
Compositeur de ragtime afro-américain, célèbre pour "The Entertainer"Scott Joplin
11%

Distribution des résultats

Percentile par nombre de réponses

% des personnes avec chaque résultat

Votre développement - résultats

Vous n’avez pas pris ce quiz depuis la dernière actualisation